Tyler, the Creator Quiz - Statistics

General Stats
  • This quiz has been taken 49 times
  • The average score is 19 of 42
Answer Stats
Hint Answer % Correct
What is Tyler’s full name? Tyler Gregory Okonma
93%
What is Tyler’s sexuality? Bisexual
86%
What year was he born? 1991
81%
His ____ left him father
81%
How often did Tyler use to drop albums? 2 years
76%
First solo album? Bastard
76%
First album that ____ was on with him Wolf
76%
What is the name of his fashion brand? Golf Wang
64%
Favorite musical artist Pharrell
64%
Most hated Tyler album Cherry Bomb
62%
Most iconic song from Goblin? Yonkers
62%
Mask-wearing character on Chromakopia St. Chroma
60%
Single from Chromakopia Noid
57%
Full name of rap group he joined Odd Future Wolf Gang Kill Them All
55%
What animated movie did Tyler provide songs for in 2018? The Grinch
55%
Tyler’s second album awarded Best Rap Album Call Me If You Get Lost
52%
Collaboration with Pharrell in 2013 IFHY
52%
Highest charting song? Earfquake
50%
What musical award did Igor win? Grammy
50%
____ xxxx Flower Boy, the alternative title of Flower Boy Scum
50%
Main character of his 2013 album Wolf Haley
50%
How many collabs does he have with that artist? 5
48%
Deluxe album he dropped in 2023 (3 words) The Estate Sale
48%
What is his birthday? March 6
45%
What is Tyler’s favorite color Green
43%
Musical guest on that song? Playboi Carti
40%
The loudest in the room is probably the ________ Loneliest
38%
Song featuring Ty Dolla $ign and NBA YoungBoy on that album WusYaName
38%
What drink did he write a commercial for? Coca-Cola
33%
Artist Tyler has the most collabs with (other than his idol) Lil Wayne
33%
What is Tyler’s favorite song he made? New Magic Wand
33%
Song with no words and Pharrell vocals on Flower Boy Enjoy Right Now, Today
31%
Who is on the cover of Goblin? Buffalo Bill
29%
Song about falling in love with a friend’s girlfriend Wilshire
26%
Which mainstream rapper is on the Chromakopia tour with Tyler? Lil Yachty
21%
What sport does Tyler follow? Soccer
21%
Song Tyler helped write for Frank Ocean off Blonde Pink + White
17%
Finish the lyric: Scarier than _____ ______ ____ _____ (4 words) Black people with ideas
10%
What is his favorite team from that sport? Atletico Madrid
7%
Language (other than English) spoken on the song? Nyanja
7%
What would Tyler keep for you? Best Interest
5%
What is Tyler’s favorite animal? Whale
5%
No matching quizzes found
Score Distribution
Percent of People with Each Score
Percentile by Number Answered
Your Score History
You have not taken this quiz